01006 a2200277 4500020002700000035001800027040001300045082001400058100002700072245008000099246005800179260004200237300002100279650003300300650004600333650002700379650004100406650002600447650001300473650002300486650002200509650001400531942002300545999001500568952014500583 a0-596-00581-4 (pbk.) : a(Uk)012941829 aDLCbDLC04a346'.04821 aSt. Laurent, Andrew M.10aUnderstanding open source & free software licensing cAndrew M. St. Laurent12aUnderstanding open source and free software licensing aSebastopol, Calif. :bO'Reilly,c2004 a193 s. ;c23 cm. 0aCopyrightxComputer programs 0aOpen source softwarexLaw and legislation 0aFree computer software 0aComputer software industryxLicenses 0aIntellectual property 0aLicenses 0aLicense agreements 0aComputer software 0aCopyright cBKk005.1 STL2ddc c5753d5753 001040708NFICaCLbCLcSEd2007-02-14eProgressive International Agenciesg1618.11l0o005.1 STLpSEECS008139r2012-11-14w2017-01-05yBK